Good practice briefing - Issue 15 (June 1999) resident involvement in housing services/ (Record no. 100273)

MARC details
000 -LEADER
fixed length control field 00605cam a2200205 4500
001 - CONTROL NUMBER
control field J60444
008 - FIXED-LENGTH DATA ELEMENTS--GENERAL INFORMATION
fixed length control field 000000n1999 000 0 eng u
035 ## - SYSTEM CONTROL NUMBER
System control number (Sirsi) u104651
041 ## - LANGUAGE CODE
Language code of text/sound track or separate title eng
050 ## - LIBRARY OF CONGRESS CALL NUMBER
Classification number 306.2
110 ## - MAIN ENTRY--CORPORATE NAME
Corporate name or jurisdiction name as entry element Chartered Institute of Housing
9 (RLIN) 2394
245 ## - TITLE STATEMENT
Title Good practice briefing - Issue 15 (June 1999) resident involvement in housing services/
260 ## - PUBLICATION, DISTRIBUTION, ETC.
Place of publication, distribution, etc. Coventry
Name of publisher, distributor, etc. Chartered Institute of Housing
Date of publication, distribution, etc. 1999
300 ## - PHYSICAL DESCRIPTION
Extent 19p. : ill. ; 30cm.
350 ## - PRICE (NR) (BK AM CF MU VM SE) [OBSOLETE]
Price 0
490 ## - SERIES STATEMENT
Series statement CIH Good Practice Briefing
Volume/sequential designation 15
650 ## - SUBJECT ADDED ENTRY--TOPICAL TERM
Topical term or geographic name entry element GOOD PRACTICE BRIEFING
690 ## - LOCAL SUBJECT ADDED ENTRY--TOPICAL TERM (OCLC, RLIN)
Topical term or geographic name as entry element HOUSING
942 ## - ADDED ENTRY ELEMENTS (KOHA)
Suppress in OPAC 0
Holdings
Withdrawn status Lost status Source of classification or shelving scheme Damaged status Not for loan Home library Current library Shelving location Date acquired Total Checkouts Full call number Barcode Date last seen Date last checked out Copy number Price effective from Koha item type
    Dewey Decimal Classification     London London Enquiry desk 07/03/2000 2 BOXED SET 30060444 06/08/2019 29/01/2002 1 06/08/2019 Book